000 01016nam a22002657a 4500
003 DO-SdBNP
005 20250407110934.0
007 ta
008 110301s2021 dr a 000 0 spa d
020 _a9789945929836
040 _aDO-SdBNP
_bspa
_cBNPHU
_erda
082 4 _axxxx
_bM521h
_222
100 1 _aMelgen, Lety
_953018
_eautora
_4aut.
245 1 0 _aHablemos sobre bienestar y resiliencia :
_bapostemos a un nuevo paradigma de políticas sociales en República Dominicana /
_cLety Melgen, Anselmo Muñiz
264 1 _aSanto Domingo :
_bFundación Solidaridad,
_bFriedrich Ebert,
_c2021.
300 _a19 páginas
_bilustraciones
_c20 cm.
336 _atexto
_btxt
_2rdacontent
337 _asin mediación
_bn
_2rdamedia
338 _avolumen
_bnc
_2rdacarrier
500 _aLos datos de los autores, ISBN y año de publicación, fueron tomados de la página de la Agencia de ISBN.
590 _aInventariado, 2022/ YL
700 1 2 _aMuñiz, Anselmo
_976221
_eautor
_4aut.
910 _aYLockward
942 _2ddc
_cLF2
999 _c53084
_d53084